<?xml version="1.0" encoding="UTF-8"?>
<resp>
  <nextPage>https://data.bn.org.pl/api/networks/bibs.marcxml?marc=001+b00001150003259&amp;sinceId=1150003260</nextPage>
  <collection>
    <record xmlns='http://www.loc.gov/MARC21/slim'><leader>01256namZa2200361ZiZ4500</leader><controlfield tag='001'>b00001150003259</controlfield><controlfield tag='005'>20260403094907.1</controlfield><controlfield tag='008'>230609s        pl           |000 0 pol c</controlfield><controlfield tag='009'>9913261943505606</controlfield><datafield ind1=' ' ind2=' ' tag='020'><subfield code='a'>9788360803684</subfield></datafield><datafield ind1=' ' ind2=' ' tag='035'><subfield code='a'>KR_1KR_1_20120318002326064345-48omnis_kr</subfield></datafield><datafield ind1=' ' ind2=' ' tag='035'><subfield code='a'>KR_1_20120318002326064345</subfield><subfield code='9'>ExL</subfield></datafield><datafield ind1=' ' ind2=' ' tag='035'><subfield code='a'>(PL)b00001150003259</subfield></datafield><datafield ind1=' ' ind2=' ' tag='040'><subfield code='a'>KR_1</subfield><subfield code='c'>KR_1</subfield></datafield><datafield ind1='1' ind2=' ' tag='041'><subfield code='a'>pol</subfield><subfield code='h'>eng</subfield></datafield><datafield ind1='0' ind2='0' tag='245'><subfield code='a'>Świat owadów /</subfield><subfield code='c'>[tł. Anna Pawłowska].</subfield></datafield><datafield ind1=' ' ind2=' ' tag='260'><subfield code='a'>W-wa :</subfield><subfield code='b'>Przedsiębiorstwo Wydawniczo-Handlowo-Usługowe &quot;Arti Centrum&quot; Artur Rogala,</subfield><subfield code='c'>cop. 2006.</subfield></datafield><datafield ind1=' ' ind2=' ' tag='300'><subfield code='a'>32 s. :</subfield><subfield code='b'>il. kolor. ;</subfield><subfield code='c'>28 cm.</subfield></datafield><datafield ind1='1' ind2=' ' tag='490'><subfield code='a'>Pierwsza Biblioteka Wiedzy</subfield></datafield><datafield ind1=' ' ind2=' ' tag='500'><subfield code='a'>dd</subfield></datafield><datafield ind1=' ' ind2=' ' tag='504'><subfield code='a'>Indeks</subfield></datafield><datafield ind1=' ' ind2='9' tag='650'><subfield code='a'>Owady</subfield><subfield code='v'>wydawnictwa dla dzieci</subfield></datafield><datafield ind1='1' ind2=' ' tag='700'><subfield code='a'>Pawłowska, Anna</subfield><subfield code='e'>Tł.</subfield></datafield><datafield ind1=' ' ind2=' ' tag='852'><subfield code='b'>48OMNIS_NETWORK</subfield><subfield code='8'>9913261943505606</subfield></datafield><datafield ind1=' ' ind2=' ' tag='852'><subfield code='b'>48OMNIS_BPW</subfield><subfield code='8'>991053631748608207</subfield></datafield><datafield ind1=' ' ind2=' ' tag='852'><subfield code='b'>48OMNIS_MBPG</subfield><subfield code='8'>991002544489708210</subfield></datafield><datafield ind1=' ' ind2=' ' tag='852'><subfield code='b'>48OMNIS_RAD</subfield><subfield code='8'>991000910335407910</subfield></datafield><datafield ind1=' ' ind2=' ' tag='852'><subfield code='8'>22832010380008207</subfield><subfield code='j'>1</subfield><subfield code='h'>MKD.PL.64104</subfield><subfield code='b'>BPW_K</subfield><subfield code='p'>335823-10</subfield><subfield code='c'>MKD</subfield></datafield><datafield ind1=' ' ind2=' ' tag='852'><subfield code='8'>22791864390008210</subfield><subfield code='j'>1</subfield><subfield code='b'>F03</subfield><subfield code='p'>10240954</subfield><subfield code='c'>lok03</subfield></datafield><datafield ind1=' ' ind2=' ' tag='852'><subfield code='8'>2218387190007910</subfield><subfield code='j'>1</subfield><subfield code='b'>RAD_6_2</subfield><subfield code='p'>RAD_6_002712</subfield><subfield code='c'>FWO</subfield></datafield><datafield ind1=' ' ind2=' ' tag='920'><subfield code='a'>978-83-60803-68-4</subfield></datafield></record>
  </collection>
</resp>
